Closest countries to Portugal - Statistics

General Stats
  • This quiz has been taken 920 times
  • The average score is 17 of 20
Answer Stats
Miles Answer KM % Correct
265 France 428
100%
0 Spain 0
100%
820 Italy (Sicily) 1320
98%
134 Morocco 216
98%
124 UK (Gibraltar) 200
98%
328 Algeria 528
96%
264 Andorra 426
95%
755 Belgium 1216
94%
695 Switzerland 1120
94%
795 Germany 1280
93%
644 Ireland 1038
92%
852 Netherlands 1372
92%
867 Tunisia 1396
92%
803 Luxembourg 1293
91%
708 Monaco 1140
89%
870 Austria 1400
84%
671 Mauritania 1080
82%
849 Mali 1367
79%
779 Senegal 1254
69%
828 Liechenstein 1333
7%
No matching quizzes found
Score Distribution
Percent of People with Each Score
Percentile by Number Answered
Your Score History
You have not taken this quiz